000 006620000a22001810004500
003 MACL
005 20160525115417.0
008 160525b xxu||||| |||| 00| 0 eng d
040 _aMACL
_cMACL
041 _aHindi
082 _a891.433
100 _aचटटोपाध्‍याय, बंकिमचन्‍द्र
_959308
245 _aदेवी चौधरानी
_cबंकिमचन्‍द्र चटटोपाध्‍याय
260 _bसर्वोदय साहित्‍य संस्‍थान
_c2011
_aदिल्‍ली
350 _a250
650 _aNovel
_959309
942 _cHIN
_k891.433/CHA/N
_2ddc
999 _c45474
_d45474